Скамейка (Запись № 1221724)

Подробности
000 -МАРКЕР
контрольное поле 01723nam0a2200325 4500
001 - ИДЕНТИФИКАТОР ЗАПИСИ
контрольное поле RU\NLR\bibl\1121299
005 - ИДЕНТИФИКАТОР ВЕРСИИ
контрольное поле 20260408080656.0
010 ## - МЕЖДУНАРОДНЫЙ СТАНДАРТНЫЙ НОМЕР КНИГИ (ISBN)
Номер (ISBN) 978-5-699-19972-3
Тираж 15000
021 ## - НОМЕР ГОСУДАРСТВЕННОЙ РЕГИСТРАЦИИ
Код страны Российская Федерация
Номер 2007-48014
Номер Листа государственной регистраци 2551
035 ## - ДРУГИЕ СИСТЕМНЫЕ НОМЕРА
Идентификатор записи (NLR Aleph) 001108270
100 ## - ДАННЫЕ ОБЩЕЙ ОБРАБОТКИ
Данные общей обработки 20070829d2007 |||y0rusy50 ca
101 0# - ЯЗЫК РЕСУРСА
Язык текста, звукозаписи и т.д. русский
102 ## - СТРАНА ПУБЛИКАЦИИ ИЛИ ПРОИЗВОДСТВА
Страна публикации Российская Федерация
105 ## - ПОЛЕ КОДИРОВАННЫХ ДАННЫХ: ТЕКСТОВЫЕ МАТЕРИАЛЫ, МОНОГРАФИЧЕСКИЕ
Кодированные данные о монографическом текстовом документе a |||||||||
200 1# - ЗАГЛАВИЕ И СВЕДЕНИЯ ОБ ОТВЕТСТВЕННОСТИ
Основное заглавие Скамейка
Сведения, относящиеся к заглавию для милого дружка и скамейки не жалко
-- для чтения родителями детям
-- поделка + словарик
-- [по сценарию А. Лебедева "Скамейка"]
Первые сведения об ответственности [текст: Н. Голь, М. Корнилова, А. Прохоров
Последующие сведения об ответственности Смешарики]
210 ## - ПУБЛИКАЦИЯ, РАСПРОСТРАНЕНИЕ И ДР.
Место издания, распространения и т.д. Москва
Имя издателя, распространителя и т. д. Эксмо
Дата издания, распространения и т.д. 2007
215 ## - ФИЗИЧЕСКАЯ ХАРАКТЕРИСТИКА
Специфическое обозначение материала и объем 16, [1] с.
Другие сведения о физической характеристике цв. ил.
Размеры 26
225 1# - СЕРИЯ
Основное заглавие серии Мультколлекция
300 ## - ОБЩИЕ ПРИМЕЧАНИЯ
Текст примечания Авт. указаны в вып. дан.
517 0# - ДРУГИЕ ВАРИАНТЫ ЗАГЛАВИЯ
Вариант заглавия Для милого дружка и скамейки не жалко
700 #1 - ИМЯ ЛИЦА - ПЕРВИЧНАЯ ОТВЕТСТВЕННОСТЬ
Код отношения Автор
Графика поля Кириллица
Материалы, к которым относится поле rus
Начальный элемент ввода Голь
Часть имени, кроме начального элемента ввода Н. М.
Даты 1952 -
Расширение инициалов личного имени Николай Михайлович
Системный номер авторитетной/нормативной записи 6952
Идентификатор авторитетной/нормативной записи RU\NLR\auth\7723899
701 #1 - ИМЯ ЛИЦА - АЛЬТЕРНАТИВНАЯ ОТВЕТСТВЕННОСТЬ
Код отношения Автор
Графика поля Кириллица
Материалы, к которым относится поле rus
Начальный элемент ввода Корнилова
Часть имени, кроме начального элемента ввода М.
Дополнения к именам, кроме дат дет. писатель
Расширение инициалов личного имени Мария
Системный номер авторитетной/нормативной записи 24555
Идентификатор авторитетной/нормативной записи RU\NLR\auth\7741607
701 #1 - ИМЯ ЛИЦА - АЛЬТЕРНАТИВНАЯ ОТВЕТСТВЕННОСТЬ
Код отношения Автор
Графика поля Кириллица
Материалы, к которым относится поле rus
Начальный элемент ввода Прохоров
Часть имени, кроме начального элемента ввода А. В.
Дополнения к именам, кроме дат деятель культуры
Даты 1948-
Расширение инициалов личного имени Анатолий Валентинович
Системный номер авторитетной/нормативной записи 24552
Идентификатор авторитетной/нормативной записи RU\NLR\auth\7741604
712 02 - НАИМЕНОВАНИЕ ОРГАНИЗАЦИИ - ВТОРИЧНАЯ ОТВЕТСТВЕННОСТЬ
Код отношения Прочие
Начальный элемент ввода "Смешарики", общество с ограниченной ответственностью
Идентифицирующий признак Санкт-Петербург
Системный номер авторитетной/нормативной записи 699963
Идентификатор авторитетной/нормативной записи RU\NLR\AUTH\8810099478
801 #0 - ИСТОЧНИК ЗАПИСИ
Страна Российская Федерация
Организация NLR
Дата составления 20070829
Правила каталогизации RCR
801 #1 - ИСТОЧНИК ЗАПИСИ
Страна Российская Федерация
Организация NLR
Дата составления 20070829
942 ## - ДОПОЛНИТЕЛЬНЫЕ ЭЛЕМЕНТЫ ЗАПИСИ (АБИС)
Тип экземпляра АБИС Книга
980 ## - КОЛЛЕКЦИЯ
Название коллекции Национальная библиография
Экземпляры
Тип экземпляра Дата поступления Источник поступления Библиотека постоянного хранения Библиотека текущего хранения Место хранения Шифр хранения Штрих-код Статус экземпляра
Книга 29.08.2007 Обязательный экземпляр РНБ (Московский) РНБ (Московский) Русский книжный фонд: издания с 1957 года 2007-7/4735 2494629  
Книга 29.08.2007 Обязательный экземпляр РНБ (Московский) РНБ (Московский) Обменный фонд   2494630